[Event "Reykjavik Open 2017"]
[Site "Reykjavik ISL"]
[Date "2017.04.25"]
[Round "8.110"]
[White "Gudmarsson,Olafur"]
[Black "Nielsen,Suni I Horni"]
[Result "1-0"]
[WhiteElo "1721"]
[BlackElo "1167"]

1.d4 d5 2.Nf3 Nf6 3.e3 Bg4 4.Be2 e6 5.O-O Nc6 6.Nfd2 Bxe2 7.Qxe2 Bd6 8.f4 Qe7
9.a3 Ne4 10.c4 Nxd2 11.Nxd2 dxc4 12.Nxc4 Qh4 13.b4 Ne7 14.Nxd6+ cxd6 15.Qb5+
Kf8 16.Qxb7 Rd8 17.Bd2 Nf5 18.Rac1 h6 19.Rc7 Kg8 20.Rxf7 Rh7 21.Rd7 Rf8
22.Qxa7 d5 23.b5 Rd8 24.b6 Nxd4 25.exd4 {#r} 1-0

[Event "Reykjavik Open 2017"]
[Site "Reykjavik ISL"]
[Date "2017.04.25"]
[Round "8.112"]
[White "Smith,Chris P"]
[Black "Magnussen,P"]
[Result "0-1"]
[WhiteElo "1504"]
[BlackElo "1909"]

1.d4 Nf6 2.c4 c5 3.d5 b5 4.cxb5 a6 5.bxa6 Bxa6 6.b3 d6 7.Bb2 g6 8.g3 Bg7 9.Bg2
Nbd7 10.Nh3 O-O 11.O-O Qb6 12.Nc3 Rfb8 13.Re1 c4 14.e4 cxb3 15.Qxb3 Qxb3
16.axb3 Rxb3 17.Bf1 Rxb2 18.Rxa6 Rxa6 19.Bxa6 Ng4 20.Rc1 Nc5 21.f3 Bd4+ 22.Kf1
Nxh2+ 23.Ke1 Nxf3+ {#R} 0-1

[Event "Reykjavik Open 2017"]
[Site "Reykjavik ISL"]
[Date "2017.04.25"]
[Round "8.116"]
[White "Vignisson,Ingvar Egill"]
[Black "Magnusson,Thorsteinn"]
[Result "1-0"]
[WhiteElo "1693"]
[BlackElo "1489"]

1.e4 e6 2.d4 d5 3.Nc3 Bb4 4.e5 c5 5.a3 Bxc3+ 6.bxc3 Qc7 7.Nf3 Ne7 8.Bd3 Nbc6
9.O-O c4 10.Be2 Bd7 11.Bf4 Qa5 12.Bd2 O-O 13.Re1 f6 14.Bf1 fxe5 15.Nxe5 Nxe5
16.Rxe5 Ng6 17.Re1 Rf5 18.g3 Raf8 19.f4 Ne7 20.Bh3 R5f6 21.Qb1 b6 22.Qb4 Qxb4
23.axb4 Nc8 24.Re2 Rh6 25.Kg2 Rhf6 26.Rae1 Re8 27.f5 e5 28.Rxe5 Ref8 29.g4 h6
30.Kg3 Nd6 31.Bg2 a5 32.bxa5 bxa5 33.Rxd5 a4 34.Bf4 Nb5 35.Rxd7 Ra6 36.Bd5+
Kh8 37.Be5 Ra7 38.Bxg7+ Kh7 39.Rxa7 {#r} 1-0

[Event "Reykjavik Open 2017"]
[Site "Reykjavik ISL"]
[Date "2017.04.25"]
[Round "8.117"]
[White "Thorsteinsdottir,Svava"]
[Black "Thorsson,Pall"]
[Result "0-1"]
[WhiteElo "1358"]
[BlackElo "1688"]

1.d4 Nf6 2.c4 g6 3.Bg5 d6 4.Nc3 Bg7 5.Nf3 O-O 6.e3 Nbd7 7.Be2 c5 8.Qc2 Re8
9.Rd1 b6 10.O-O h6 11.Bh4 Bb7 12.a3 Nf8 13.d5 N6d7 14.Nd2 g5 15.Bg3 Ng6 16.Bh5
Ndf8 17.f4 gxf4 18.Bxf4 e5 19.dxe6 Rxe6 20.Bg4 Nxf4 21.exf4 Bd4+ 22.Kh1 Re3
23.Bf3 Bxf3 24.Rxf3 Qh4 25.Rdf1 Rae8 26.g3 Qh5 27.Nde4 Re1 28.Rf2 Bxf2 29.Nf6+
Kh8 30.Qd3 Bd4 {#R} 0-1

[Event "Reykjavik Open 2017"]
[Site "Reykjavik ISL"]
[Date "2017.04.25"]
[Round "8.118"]
[White "Fjallheim,Benjamin Reinert"]
[Black "Gunnarsson,Helgi Petur"]
[Result "0-1"]
[WhiteElo "1322"]
[BlackElo "1669"]

1.e4 d5 2.exd5 Nf6 3.Bb5+ Bd7 4.Bc4 b5 5.Bb3 a5 6.a3 a4 7.Ba2 Bg4 8.f3 Bc8
9.Nc3 Qd7 10.Nge2 Bb7 11.b4 Nxd5 12.Bb2 e6 13.d3 Ne3 14.Qd2 Nxg2+ 15.Kf2 Nh4
16.Ne4 Nf5 17.Qg5 Be7 18.Qg4 Nc6 19.N2g3 Ncd4 20.Nxf5 Nxf5 21.Ng3 O-O-O
22.Nxf5 exf5 23.Qxg7 Qc6 24.Rhc1 Qxf3+ 25.Kg1 Rhg8 {#R} 0-1

[Event "Reykjavik Open 2017"]
[Site "Reykjavik ISL"]
[Date "2017.04.25"]
[Round "8.120"]
[White "Roebuck,Derek"]
[Black "Nielsen,Jon I Horni"]
[Result "0-1"]
[WhiteElo "1661"]
[BlackElo "1454"]

1.e4 e5 2.f4 d5 3.exd5 exf4 4.Nf3 Nf6 5.Nc3 Bb4 6.Qe2+ Be7 7.Qb5+ Nbd7 8.Bc4
a6 9.Qa4 O-O 10.b4 b5 11.Bxb5 Nb6 12.Qa3 axb5 13.Qb3 Nfxd5 14.Ba3 Be6 15.Nxd5
Bxd5 16.Qd3 Bxf3 17.Qxf3 Nc4 18.Bc1 Bxb4 19.O-O Qd4+ {#R} 0-1

[Event "Reykjavik Open 2017"]
[Site "Reykjavik ISL"]
[Date "2017.04.25"]
[Round "8.121"]
[White "Hrafnsson,Hreinn"]
[Black "Briem,Benedikt"]
[Result "1-0"]
[WhiteElo "1621"]
[BlackElo "1446"]

1.e4 d5 2.exd5 Qxd5 3.Nc3 Qd6 4.d4 Nf6 5.Nf3 c6 6.Be2 Bf5 7.h3 e6 8.O-O Nbd7
9.Be3 Qc7 10.Bd3 Bd6 11.Ne2 O-O 12.c4 Be4 13.Ng5 Bxd3 14.Qxd3 h6 15.Nf3 c5
16.Rfd1 Rac8 17.Rac1 Rfd8 18.Qc2 cxd4 19.Nexd4 a6 20.a3 Nb6 21.Qe2 Bc5 22.b4
Bxd4 23.Bxd4 Nxc4 24.g4 b5 25.g5 hxg5 26.Nxg5 Qf4 27.Bxf6 Qxf6 28.Qh5 Kf8
29.Nh7+ Ke7 30.Nxf6 gxf6 31.Rxd8 Rxd8 32.Qc5+ Ke8 33.Qc6+ Kf8 34.Qxa6 Rd5
35.Rc3 {#r} 1-0

[Event "Reykjavik Open 2017"]
[Site "Reykjavik ISL"]
[Date "2017.04.25"]
[Round "8.122"]
[White "Nielsen,Allan"]
[Black "Arnason,Saemundur"]
[Result "0-1"]
[WhiteElo "1606"]
[BlackElo "1232"]

1.e4 e5 2.Nf3 Nc6 3.Bb5 a6 4.Ba4 Nf6 5.d3 b5 6.Bb3 h6 7.a3 Bc5 8.O-O O-O 9.Nc3
d6 10.h3 Re8 11.Nd5 Na5 12.Ba2 Nxd5 13.Bxd5 c6 14.Ba2 Nb7 15.b4 Bb6 16.c3 Be6
17.Nh2 Bxa2 18.Rxa2 Re6 19.Kh1 Rg6 20.f4 exf4 21.Rxf4 Qe7 22.d4 c5 23.Nf3 Rc8
24.Nh4 Rf6 25.Nf5 Qe6 26.Qd3 Qxa2 27.Qg3 Rxf5 28.Rxf5 Qe6 29.h4 cxd4 30.Bb2
Qxe4 31.Qf2 dxc3 32.Qxb6 Qxf5 33.Bxc3 Rxc3 34.Qxb7 Qf1+ 35.Kh2 Qf4+ 36.g3 Qf2+
37.Qg2 Qxg2+ 38.Kxg2 Rxa3 {#R} 0-1

[Event "Reykjavik Open 2017"]
[Site "Reykjavik ISL"]
[Date "2017.04.25"]
[Round "8.124"]
[White "Kristofersson,Sindri Snaer"]
[Black "Daly,Patrick"]
[Result "0-1"]
[WhiteElo "1197"]
[BlackElo "1804"]

1.d4 d5 2.c4 c6 3.Nf3 Nf6 4.Bf4 e6 5.e3 Bd6 6.Bxd6 Qxd6 7.c5 Qc7 8.Nc3 O-O
9.Bd3 Nbd7 10.h3 Re8 11.O-O e5 12.Bf5 e4 13.Bxd7 Bxd7 14.Nd2 Bf5 15.b4 a6
16.Na4 Qe7 17.Nb6 Rab8 18.Nb3 Qe6 19.g4 Nxg4 20.hxg4 Bxg4 21.f3 Bxf3 22.Rxf3
exf3 23.Qxf3 Qxe3+ 24.Qxe3 Rxe3 25.Nd7 Rbe8 26.Ne5 f6 27.Kf2 Rxb3 28.axb3 fxe5
29.Re1 e4 30.Ke3 Rf8 31.Rb1 Rf3+ 32.Kd2 Rd3+ 33.Kc2 Rxd4 34.Kc3 Rd3+ 35.Kc2
Rf3 36.Re1 Kf7 37.Re2 g5 38.Re1 h5 39.Rh1 Kg6 40.Rg1 g4 {#R} 0-1

[Event "Reykjavik Open 2017"]
[Site "Reykjavik ISL"]
[Date "2017.04.25"]
[Round "8.128"]
[White "Tummasarson,Flovin M."]
[Black "Hjaltason,Magnus"]
[Result "1-0"]
[WhiteElo "1224"]
[BlackElo "1205"]

1.e4 c6 2.d4 d5 3.Nc3 dxe4 4.Nxe4 Bf5 5.Ng3 Bg6 6.h4 h6 7.Nf3 Nd7 8.h5 Bh7
9.Bd3 Bxd3 10.Qxd3 Ngf6 11.Bd2 e6 12.O-O-O Qc7 13.Kb1 O-O-O 14.Qe2 Bd6 15.Ne4
Nxe4 16.Qxe4 Nf6 17.Qe2 Nd7 18.Bc3 Nb6 19.d5 exd5 20.Bxg7 Rhe8 21.Qd3 Bf4
22.g3 Rg8 23.Bf6 Rd6 24.Qf5+ Nd7 25.Be7 Kb8 26.Qxf4 {#r} 1-0

[Event "Reykjavik Open 2017"]
[Site "Reykjavik ISL"]
[Date "2017.04.25"]
[Round "8.129"]
[White "Davidsson,Stefan Orri"]
[Black "Kristbergsson,Bjorgvin"]
[Result "1-0"]
[WhiteElo "1490"]
[BlackElo "1060"]

1.e4 e5 2.Nf3 Nc6 3.d4 exd4 4.Nxd4 Qe7 5.Nc3 Nxd4 6.Qxd4 b6 7.Bd3 Nf6 8.Bg5 h6
9.Bxf6 gxf6 10.O-O Rg8 11.f4 Qc5 12.Qxc5 Bxc5+ 13.Kh1 h5 14.Rae1 Bb7 15.e5
O-O-O 16.exf6 Bd4 17.Ne4 d5 18.Ng3 Bxb2 19.Nxh5 Rg6 20.Bxg6 fxg6 21.f7 gxh5
22.Re8 Bg7 23.Rfe1 Bf8 24.Rxd8+ {#r} 1-0

[Event "Reykjavik Open 2017"]
[Site "Reykjavik ISL"]
[Date "2017.04.25"]
[Round "8.130"]
[White "Thorisson,Bjartur"]
[Black "Gunnarsson,Baltasar Mani Wedhol"]
[Result "0-1"]
[WhiteElo "1071"]
[BlackElo "1230"]

1.e4 e5 2.Nf3 Nc6 3.Bc4 Bc5 4.O-O Nf6 5.Nc3 O-O 6.d3 h6 7.Be3 Bxe3 8.fxe3 d6
9.Qe2 a6 10.Nd5 Nxd5 11.Bxd5 Ne7 12.Bb3 Ng6 13.d4 Bg4 14.g3 Qe7 15.Rad1 Kh8
16.Qd2 Rad8 17.Rde1 f5 18.exf5 Rxf5 19.Bd5 Rf6 20.Bxb7 Rb8 21.Bd5 Rxb2 22.Qa5
Rxc2 23.Qxa6 e4 24.Qa8+ Rf8 25.Qa4 Rb2 26.Qa3 Rb5 27.Bc4 Rbf5 28.Nh4 Nxh4
29.gxh4 Rxf1+ 30.Rxf1 Rxf1+ 31.Kxf1 Qxh4 32.Qa8+ Kh7 33.Qxe4+ Kh8 34.Qg6 Qh3+
35.Kg1 Qxe3+ 36.Kh1 Bf3+ {#R} 0-1

[Event "ch-CHN 2017"]
[Site "Xinghua CHN"]
[Date "2017.04.25"]
[Round "3.5"]
[White "Zeng,C"]
[Black "Xu,Yinglun"]
[Result "1-0"]
[WhiteElo "2536"]
[BlackElo "2557"]

1.e4 c5 2.Nf3 d6 3.d4 cxd4 4.Nxd4 Nf6 5.Nc3 a6 6.h4 Nc6 7.h5 h6 8.Be3 e6 9.Qf3
Nxd4 10.Bxd4 e5 11.Be3 Be6 12.Qg3 Rc8 13.Bd3 Be7 14.f3 b5 15.a3 Kf8 16.Rd1 Qd7
17.Rd2 Rxc3 18.bxc3 Qc6 19.Rd1 Qxc3+ 20.Bd2 Qxa3 21.Ke2 Qc5 22.Ra1 Qc6 23.Qf2
d5 24.exd5 Nxd5 25.Qa7 Bc8 26.c4 bxc4 27.Rhc1 cxd3+ 28.Kd1 Qe8 29.Rxc8 Qxc8
30.Rc1 Qe8 31.Qxa6 Nb6 32.Be3 g5 33.Bxb6 Kg7 34.Bc7 Bd8 35.Rc5 Qe7 36.Bd6 Qd7
37.Rd5 Qc8 38.Qxc8 {#r} 1-0

[Event "ch-CHN w 2017"]
[Site "Xinghua CHN"]
[Date "2017.04.25"]
[Round "3.5"]
[White "Guo Qi"]
[Black "Lei Tingjie"]
[Result "1-0"]
[WhiteElo "2413"]
[BlackElo "2471"]

1.d4 d5 2.c4 c6 3.Nf3 Nf6 4.e3 Bg4 5.h3 Bxf3 6.Qxf3 e6 7.Bd3 Bb4+ 8.Nd2 Nbd7
9.O-O O-O 10.a3 Bd6 11.Qe2 Re8 12.Rd1 Qe7 13.Bc2 Bc7 14.Rb1 a6 15.b3 Rac8
16.Bb2 e5 17.dxe5 Bxe5 18.Bxe5 Nxe5 19.b4 b5 20.cxd5 Nxd5 21.Rb3 a5 22.bxa5
Ra8 23.Nf3 Nc4 24.Nd4 Qc5 25.Qg4 Nxa5 26.Rbb1 Nc3 27.Rbc1 Qxa3 28.Bxh7+ Kxh7
29.Nf5 g6 30.Rd7 Rf8 31.Qh4+ Kg8 32.Ne7+ Qxe7 33.Rxe7 Ne2+ 34.Kh2 Nxc1 35.f4
Rae8 36.Ra7 Nc4 37.f5 Ne5 38.e4 Ra8 39.f6 {#r} 1-0

[Event "ch-CHN w 2017"]
[Site "Xinghua CHN"]
[Date "2017.04.25"]
[Round "3.6"]
[White "Gu,T"]
[Black "Yuan,Ye"]
[Result "0-1"]
[WhiteElo "2212"]
[BlackElo "2306"]

1.e4 c5 2.Nf3 e6 3.d4 cxd4 4.Nxd4 Nc6 5.Nc3 Qc7 6.Qd3 Nxd4 7.Qxd4 a6 8.a4 d6
9.Be2 Nf6 10.Bg5 Be7 11.O-O Bd7 12.Rfd1 Bc6 13.b4 h6 14.Bd2 O-O 15.b5 Bd7
16.b6 Qc6 17.a5 Rac8 18.Bd3 Ng4 19.e5 Nxe5 20.Be4 d5 21.Bxd5 exd5 22.Qxe5 Be6
23.Qe2 d4 24.Ne4 Bc4 25.Qe1 Rfe8 26.Bf4 Bc5 27.Nxc5 Rxe1+ 28.Rxe1 Qxc5 29.h3
Be6 30.Be5 f6 31.Bc7 Bf5 32.Re2 Bxc2 {#R} 0-1

[Event "ch-CRO 2017"]
[Site "Valpovo CRO"]
[Date "2017.04.25"]
[Round "1.5"]
[White "Bosiocic,Mari"]
[Black "Saric,A"]
[Result "1-0"]
[WhiteElo "2610"]
[BlackElo "2544"]

1.e4 e6 2.d4 d5 3.Nc3 Nf6 4.e5 Nfd7 5.f4 c5 6.Nf3 Nc6 7.Be3 a6 8.Qd2 b5 9.a3
Qa5 10.Rb1 b4 11.axb4 Qxb4 12.g3 cxd4 13.Nxd4 Nxd4 14.Bxd4 Bc5 15.Ne2 Qxd2+
16.Kxd2 a5 17.Ra1 Bb7 18.Bxc5 Nxc5 19.Nd4 a4 20.Bb5+ Ke7 21.Ra3 f6 22.Rha1 g5
23.Bxa4 gxf4 24.gxf4 fxe5 25.fxe5 Rhg8 26.Bb5 Rg2+ 27.Ke3 Rxa3+ 28.Rxa3 Rxh2
29.Ra7 Rh3+ 30.Ke2 Rh2+ 31.Kf3 Rh3+ 32.Kg2 Rh4 33.b4 Rxd4 34.bxc5 Rd2+ 35.Kf3
Rxc2 36.Rxb7+ Kd8 37.c6 Rc5 38.Rd7+ Kc8 39.Ba6+ Kb8 40.Rb7+ Ka8 41.c7 {#r} 1-0

[Event "ch-NED Junior 2017"]
[Site "Assen NED"]
[Date "2017.04.25"]
[Round "4.1"]
[White "Schoppen,Casper"]
[Black "Beerdsen,Thomas"]
[Result "1-0"]
[WhiteElo "2423"]
[BlackElo "2446"]

1.Nf3 Nf6 2.g3 b5 3.Bg2 Bb7 4.O-O e6 5.d3 d5 6.c4 b4 7.cxd5 exd5 8.a3 Nbd7
9.Bf4 Be7 10.axb4 Bxb4 11.Qc1 Bc5 12.Nc3 O-O 13.Na4 Qe7 14.Nxc5 Nxc5 15.Nd4
Rfc8 16.Nf5 Qf8 17.Nxg7 Nxd3 18.exd3 Qxg7 19.Qc5 Nd7 20.Qe7 f6 21.Qxg7+ Kxg7
22.Bh3 Nc5 23.Bxc8 Bxc8 24.Rfc1 Ne6 25.Ra5 c5 26.Bd6 c4 27.dxc4 dxc4 28.Rxc4
Bb7 29.Rb4 Nd8 30.Rab5 {#r} 1-0

[Event "ch-NED Junior 2017"]
[Site "Assen NED"]
[Date "2017.04.25"]
[Round "4.5"]
[White "Vereggen,L"]
[Black "De Boer,Bas"]
[Result "1-0"]
[WhiteElo "2334"]
[BlackElo "2107"]

1.d4 d5 2.Nf3 Nf6 3.c4 c6 4.e3 Bg4 5.h3 Bh5 6.g4 Bg6 7.Ne5 e6 8.Nxg6 hxg6
9.Nd2 g5 10.Bg2 Be7 11.a3 Nbd7 12.Qe2 Nf8 13.Nf3 Ne4 14.Bd2 a5 15.O-O-O Ng6
16.Be1 Nd6 17.Nd2 Nh4 18.Bf1 b5 19.c5 Nc4 20.Nf3 Ng6 21.Qc2 a4 22.Bd3 Nh4
23.Nxh4 Rxh4 24.Qe2 Rh6 25.f4 Qc7 26.Qf3 O-O-O 27.h4 gxh4 28.g5 Rhh8 29.Bxh4
Qa5 30.Be1 Qa7 31.Bc3 g6 32.Rh3 Kb7 33.Rdh1 Qa8 34.Rh7 Rdf8 35.Bxg6 fxg6
36.Rxe7+ Ka6 37.Rxe6 Rxh1+ 38.Qxh1 Qc8 39.Qxd5 {#r} 1-0

[Event "ch-NED Junior 2017"]
[Site "Assen NED"]
[Date "2017.04.25"]
[Round "4.8"]
[White "Hofstra,Tijmen"]
[Black "Kalle,Erwin"]
[Result "0-1"]
[WhiteElo "1558"]
[BlackElo "2039"]

1.e4 e5 2.Nf3 Nc6 3.Bc4 Bc5 4.c3 Nf6 5.d3 O-O 6.Bb3 d5 7.Qe2 Re8 8.O-O h6
9.Re1 a6 10.exd5 Nxd5 11.d4 Ba7 12.dxe5 Bg4 13.Nbd2 Nxe5 14.Qxe5 Rxe5 15.Rxe5
Nf6 16.h3 Bh5 17.Nh4 Qd3 18.Ndf3 Bxf3 19.Nxf3 Ne4 20.Be3 Bxe3 21.fxe3 Qxe3+
22.Kh2 Qf4+ 23.Kg1 Nd2 24.Rae1 Nxf3+ 25.gxf3 Qg3+ 26.Kh1 Qxh3+ 27.Kg1 Qg3+
28.Kf1 Qxf3+ 29.Kg1 Rd8 30.Bc2 g6 {#R} 0-1

[Event "ch-RUS Junior 2017"]
[Site "Loo RUS"]
[Date "2017.04.25"]
[Round "6.1"]
[White "Sarana,A"]
[Black "Zakhartsov,Vl"]
[Result "1-0"]
[WhiteElo "2464"]
[BlackElo "2470"]

1.d4 Nf6 2.Nf3 e6 3.g3 b5 4.Bg2 Bb7 5.Qd3 a6 6.a4 Be4 7.Qd1 Bb7 8.Be3 Be7
9.O-O O-O 10.Na3 b4 11.Nc4 a5 12.c3 d5 13.Nce5 Na6 14.Nd3 Ng4 15.Bf4 c5
16.cxb4 axb4 17.dxc5 Nxc5 18.Nfe5 Nxe5 19.Nxc5 Bxc5 20.Bxe5 Qb6 21.b3 Rac8
22.Bb2 Ba6 23.Qd2 d4 24.Be4 e5 25.a5 Qe6 26.Bd3 Bb7 27.a6 Ba8 28.Rfc1 e4
29.Bc4 Qb6 30.Qf4 Rce8 31.a7 Bb7 32.Qf5 Bd6 33.Qb5 Bc5 34.Bxf7+ Rxf7 35.Qxe8+
Rf8 36.Qe5 e3 37.f3 Qb5 38.Bxd4 {#r} 1-0

[Event "ch-RUS Junior 2017"]
[Site "Loo RUS"]
[Date "2017.04.25"]
[Round "6.2"]
[White "Sorokin,Aleksey"]
[Black "Kozionov,Kirill"]
[Result "1-0"]
[WhiteElo "2445"]
[BlackElo "2440"]

1.d4 d5 2.c4 dxc4 3.e3 Nf6 4.Bxc4 e6 5.Nf3 a6 6.Qe2 c5 7.dxc5 Bxc5 8.O-O Nc6
9.a3 b5 10.Bd3 Bb7 11.b4 Bd6 12.Bb2 O-O 13.Nbd2 Qe7 14.Rac1 e5 15.Ng5 Rac8
16.Nde4 Nxe4 17.Nxe4 f5 18.Nxd6 Qxd6 19.Bb1 Qg6 20.f3 Qh5 21.Rfd1 Rcd8 22.Rxd8
Rxd8 23.Rd1 Rxd1+ 24.Qxd1 Qf7 25.Bc2 Bc8 26.Qd6 Qc4 27.Bd3 Qe6 28.Qc5 Bd7
29.Qc3 Qd5 30.f4 Bc8 31.fxe5 Bb7 32.e4 fxe4 33.Bc2 Kf8 34.e6 Ke8 35.Qxg7 Nd8
36.Qh8+ Ke7 37.Bf6+ Kxe6 38.Qxd8 {#r} 1-0

[Event "ch-RUS Junior 2017"]
[Site "Loo RUS"]
[Date "2017.04.25"]
[Round "6.4"]
[White "Esipenko,Andrey"]
[Black "Faizrakhmanov,Ramil"]
[Result "1-0"]
[WhiteElo "2492"]
[BlackElo "2436"]

1.d4 Nf6 2.c4 g6 3.Nc3 Bg7 4.e4 d6 5.Nf3 O-O 6.h3 e5 7.d5 a5 8.Be3 Na6 9.Nd2
Nd7 10.g4 Nb6 11.h4 Nc5 12.g5 f6 13.Qe2 c6 14.gxf6 Qxf6 15.h5 Bd7 16.O-O-O g5
17.h6 Bxh6 18.Qh5 Kg7 19.Be2 Qg6 20.Qh2 Rf4 21.Bxf4 exf4 22.Rdg1 cxd5 23.cxd5
Rc8 24.Kb1 Nca4 25.Nxa4 Nxa4 26.Bd1 Nb6 27.Qg2 Bb5 28.Qh3 Rc5 29.Bg4 Qf6 30.e5
dxe5 31.Ne4 Qg6 32.Bf5 {#r} 1-0

[Event "World Schools U17 2017"]
[Site "Iasi ROU"]
[Date "2017.04.25"]
[Round "4.1"]
[White "Macovei,Andrei"]
[Black "Zubcu,Vlad-George"]
[Result "1-0"]
[WhiteElo "2329"]
[BlackElo "2127"]

1.e4 e5 2.Nf3 Nc6 3.Bb5 a6 4.Ba4 Nf6 5.O-O b5 6.Bb3 Be7 7.Re1 O-O 8.c3 d5
9.exd5 Nxd5 10.Nxe5 Nxe5 11.Rxe5 c6 12.d4 Bd6 13.Re1 Qh4 14.g3 Qh3 15.Qe2 Bg4
16.Qf1 Qh5 17.Nd2 Rae8 18.Rxe8 Rxe8 19.f3 Bf5 20.Ne4 Bxe4 21.fxe4 Rxe4 22.Bd1
Qg6 23.Bc2 h5 24.Bd2 f5 25.Bxe4 fxe4 26.Re1 h4 27.Qg2 hxg3 28.hxg3 Nf6 29.Bf4
Bxf4 30.gxf4 Qf5 31.Qg3 Kf7 32.Re2 g6 33.Rf2 e3 34.Qxe3 Ng4 35.Qh3 Nxf2
36.Qxf5+ gxf5 37.Kxf2 Ke6 38.Kg3 Kd5 39.Kh4 b4 40.cxb4 {#r} 1-0

[Event "World Schools U17 2017"]
[Site "Iasi ROU"]
[Date "2017.04.25"]
[Round "4.2"]
[White "Babazada,Khazar"]
[Black "Kazimov,Farhan"]
[Result "0-1"]
[WhiteElo "2005"]
[BlackElo "2003"]

1.Nf3 g6 2.g3 Bg7 3.Bg2 e5 4.d3 d5 5.O-O Ne7 6.c4 c6 7.cxd5 cxd5 8.Nc3 Nbc6
9.Bd2 O-O 10.Rc1 h6 11.Qb3 Be6 12.Qa3 f5 13.Rfd1 Rc8 14.e3 e4 15.Ne1 Kh7
16.Na4 b6 17.Bc3 Ne5 18.b3 N7c6 19.Ba1 d4 20.exd4 Nf3+ 21.Nxf3 exf3 22.Bxf3
Bd5 23.Bxd5 Qxd5 24.Nc3 Qf3 25.d5 Nd4 26.Qe7 Rfe8 27.Qxg7+ Kxg7 28.Nb5 Qxd5
29.Nxd4 Kg8 30.Rxc8 Rxc8 31.Re1 Qa5 32.Rf1 Qxa2 33.Kg2 Qd2 34.Nf3 Qxd3 35.Re1
Qxb3 36.Re7 Rc1 37.Bf6 Qb5 38.Nd4 Qf1+ 39.Kf3 Rc3+ {#R} 0-1

[Event "World Schools U17 2017"]
[Site "Iasi ROU"]
[Date "2017.04.25"]
[Round "4.5"]
[White "Vasiesiu,Victor"]
[Black "Ciesielski,Marceli"]
[Result "1-0"]
[WhiteElo "2228"]
[BlackElo "1366"]

1.e4 c5 2.Nc3 Nc6 3.f4 d6 4.Nf3 Bg4 5.Bb5 a6 6.Bxc6+ bxc6 7.h3 Bxf3 8.Qxf3 Qc7
9.O-O Nf6 10.d3 e6 11.e5 Nd5 12.Ne4 O-O-O 13.a3 h6 14.c4 Nb6 15.exd6 Bxd6
16.Be3 Nd7 17.b4 f5 18.Nxc5 Nxc5 19.Bxc5 Bxc5+ 20.bxc5 g5 21.Rab1 Rd4 22.Qe3
Qd7 23.Qe5 {#r} 1-0

[Event "World Schools U17 2017"]
[Site "Iasi ROU"]
[Date "2017.04.25"]
[Round "4.6"]
[White "Popa,Eduard-Adrian"]
[Black "Szocs,Teodor-Iulian"]
[Result "1-0"]
[WhiteElo "1910"]
[BlackElo "1923"]

1.d4 g6 2.c4 Bg7 3.Nc3 d6 4.e4 Nf6 5.Bg5 O-O 6.Qd2 c5 7.d5 a6 8.a4 Qa5 9.Ra3
Nbd7 10.Nge2 Re8 11.Ng3 e6 12.Be2 exd5 13.cxd5 Qb4 14.O-O c4 15.a5 Nc5 16.Qc2
Nfxe4 17.Ncxe4 Nxe4 18.Nxe4 Qxb2 19.Qxb2 Bxb2 20.Re3 Bf5 21.Nxd6 Rxe3 22.fxe3
f6 23.Bh4 c3 24.Bxf6 {#r} 1-0

[Event "World Senior Teams +50"]
[Site "Hersonissos GRE"]
[Date "2017.04.25"]
[Round "2.1"]
[White "Short,N"]
[Black "Wallner,J"]
[Result "1-0"]
[WhiteElo "2683"]
[BlackElo "2313"]

1.Nf3 d5 2.g3 c6 3.Bg2 Nf6 4.c4 e6 5.b3 Be7 6.O-O O-O 7.Bb2 b6 8.d3 Bb7 9.Nbd2
c5 10.e3 Nc6 11.Qe2 a5 12.a4 Nd7 13.Rfd1 Bf6 14.d4 Nb4 15.Ne5 Bxe5 16.dxe5 Qc7
17.f4 Rad8 18.h4 Nb8 19.h5 h6 20.cxd5 exd5 21.Nf1 N8c6 22.Rd2 d4 23.Rad1 d3
24.Qf3 Bc8 25.Rf2 Ne7 26.g4 Nec6 27.Nd2 Qe7 28.Qg3 Rfe8 29.Kh2 Qc7 30.Rg1 {#r}
1-0

[Event "World Senior Teams +50"]
[Site "Hersonissos GRE"]
[Date "2017.04.25"]
[Round "2.1"]
[White "Denk,A"]
[Black "Nunn,J"]
[Result "0-1"]
[WhiteElo "2268"]
[BlackElo "2600"]

1.c4 Nf6 2.g3 c6 3.Bg2 d5 4.Qc2 g6 5.b3 Bg7 6.Bb2 O-O 7.Nf3 a5 8.O-O Na6 9.d3
Be6 10.Nbd2 Nb4 11.Qb1 c5 12.a3 Nc6 13.cxd5 Bxd5 14.Rc1 b6 15.Nc4 Nd4 16.Bxd4
cxd4 17.a4 Rc8 18.Qb2 Ba8 19.Nce5 Nd5 20.Rxc8 Qxc8 21.Qxd4 Qc2 22.e4 Nb4
23.Re1 Qc7 {#R} 0-1

[Event "World Senior Teams +50"]
[Site "Hersonissos GRE"]
[Date "2017.04.25"]
[Round "2.1"]
[White "Ernst,M"]
[Black "Chapman,T"]
[Result "1-0"]
[WhiteElo "2141"]
[BlackElo "2247"]

1.d4 Nf6 2.Bf4 d6 3.Nf3 g6 4.h3 Bg7 5.e3 O-O 6.Be2 Nbd7 7.Bh2 b6 8.O-O Bb7
9.Nbd2 Ne4 10.Nxe4 Bxe4 11.Bd3 Bb7 12.e4 e5 13.c3 f5 14.dxe5 Nxe5 15.Nxe5 dxe5
16.Bc4+ Kh8 17.Qxd8 Raxd8 18.exf5 gxf5 19.Rad1 c5 20.Bg3 Bf6 21.Rfe1 f4 22.Bh2
Rxd1 23.Rxd1 Rd8 24.Rxd8+ Bxd8 25.g3 Bc7 26.Kf1 Kg7 27.Ke2 Kf6 28.f3 h5 29.Kf2
Bc6 30.Bd3 Bd5 31.b3 Be6 32.g4 hxg4 33.hxg4 Bd5 34.Be4 Ke6 35.Ke2 Bxe4 36.fxe4
Bd8 37.Bg1 Bh4 38.b4 c4 39.a4 Kf6 40.Bxb6 axb6 41.a5 {#r} 1-0

[Event "World Senior Teams +50"]
[Site "Hersonissos GRE"]
[Date "2017.04.25"]
[Round "2.2"]
[White "Ivanov,Sergey1"]
[Black "Salonen,J"]
[Result "1-0"]
[WhiteElo "2530"]
[BlackElo "2174"]

1.d4 g6 2.c4 d6 3.Nc3 e5 4.Nf3 Bg7 5.e4 Nd7 6.Be2 c6 7.O-O Nh6 8.c5 exd4
9.Bxh6 Bxh6 10.Qxd4 O-O 11.cxd6 Bg7 12.Qd2 Re8 13.Rad1 Bxc3 14.Qxc3 Rxe4
15.Bd3 Re8 16.Rfe1 Rxe1+ 17.Rxe1 Nf8 18.h4 Qxd6 19.Re8 Rb8 20.Ng5 Be6 21.Ne4
Qf4 22.Rxb8 Qxb8 23.Nf6+ Kg7 24.Ne8+ {#r} 1-0

[Event "World Senior Teams +50"]
[Site "Hersonissos GRE"]
[Date "2017.04.25"]
[Round "2.3"]
[White "Bogumil,T"]
[Black "Greenfeld,A"]
[Result "0-1"]
[WhiteElo "2173"]
[BlackElo "2550"]

1.Nf3 c5 2.c4 Nc6 3.Nc3 Nf6 4.d4 cxd4 5.Nxd4 e6 6.Nc2 d5 7.cxd5 exd5 8.e3 Bc5
9.Be2 O-O 10.O-O a6 11.a3 Qd6 12.b4 Ba7 13.b5 Ne5 14.bxa6 bxa6 15.Nd4 Re8
16.a4 Neg4 17.g3 Bd7 18.Bf3 Ne5 19.Bg2 Bg4 20.f3 Bd7 21.Nce2 Nc4 22.Qd3 Re7
23.Kh1 Rc8 24.Rd1 Qe5 25.Ba3 Ree8 26.g4 Nxe3 27.Rdc1 Bxg4 28.f4 Bxe2 29.Nxe2
Rxc1+ 30.Rxc1 Neg4 31.Qxa6 Nf2+ 32.Kg1 Qe3 33.h4 N2g4+ 34.Kh1 Qf2 35.Ng1 Qxh4+
36.Bh3 Bxg1 {#R} 0-1

[Event "World Senior Teams +50"]
[Site "Hersonissos GRE"]
[Date "2017.04.25"]
[Round "2.3"]
[White "Soffer,R"]
[Black "Fatalibekova,E"]
[Result "1-0"]
[WhiteElo "2508"]
[BlackElo "2254"]

1.d4 Nf6 2.c4 e6 3.Nc3 Bb4 4.Qc2 O-O 5.Nf3 b6 6.e4 Bxc3+ 7.bxc3 d5 8.e5 Nfd7
9.Ng5 g6 10.h4 Qe7 11.h5 f6 12.hxg6 fxg5 13.Rxh7 Qxh7 14.gxh7+ Kh8 15.Qg6 Nc6
16.Bxg5 {#r} 1-0

[Event "World Senior Teams +50"]
[Site "Hersonissos GRE"]
[Date "2017.04.25"]
[Round "2.4"]
[White "Cordes,HJ"]
[Black "Vaganian,R"]
[Result "0-1"]
[WhiteElo "2231"]
[BlackElo "2560"]

1.d4 e6 2.c4 f5 3.Nf3 Nf6 4.g3 d5 5.Bg2 Be7 6.O-O O-O 7.Qc2 c6 8.Nc3 b6 9.Rb1
Ba6 10.cxd5 cxd5 11.Ne5 Bb7 12.Bg5 Nbd7 13.Nxd7 Qxd7 14.Bxf6 Bxf6 15.e3 Rac8
16.Qd3 g5 17.f4 h5 18.Rbc1 h4 19.Rf2 Qg7 20.Rfc2 h3 21.fxg5 Bxg5 22.Bf3 f4
23.gxf4 Bxf4+ 24.Kh1 Bg5 25.Bg4 Rf6 26.Ne4 dxe4 27.Rxc8+ Kh7 28.Qe2 Bxc8
29.Rxc8 Bxe3 30.Rc3 Qxg4 31.Rc7+ Kh6 32.Qxe3+ Rf4 {#R} 0-1